A brief report on the working of the industrial campaign, 1964-65, (Record no. 85936)
[ view plain ]
| 000 -LEADER | |
|---|---|
| fixed length control field | 00908cam a2200241 4500 |
| 001 - CONTROL NUMBER | |
| control field | sa 68014656 |
| 003 - CONTROL NUMBER IDENTIFIER | |
| control field | DLC |
| 005 - DATE AND TIME OF LATEST TRANSACTION | |
| control field | 20260227112633.0 |
| 008 - FIXED-LENGTH DATA ELEMENTS--GENERAL INFORMATION | |
| fixed length control field | 700211s1967 ii 00010 eng |
| 010 ## - LIBRARY OF CONGRESS CONTROL NUMBER | |
| LC control number | sa 68014656 //r942 |
| 025 ## - OVERSEAS ACQUISITION NUMBER | |
| Overseas acquisition number | PL480:I-E-10693 |
| 040 ## - CATALOGING SOURCE | |
| Original cataloging agency | DLC |
| Transcribing agency | DLC |
| Modifying agency | DLC |
| 050 00 - LIBRARY OF CONGRESS CALL NUMBER | |
| Classification number | HN690.U8 |
| Item number | L8 no. 354 |
| 082 00 - DEWEY DECIMAL CLASSIFICATION NUMBER | |
| Classification number | 338.954/2 s |
| 100 10 - MAIN ENTRY--PERSONAL NAME | |
| Personal name | Das, Bidhan Chandra, |
| Dates associated with a name | 1926- |
| 245 12 - TITLE STATEMENT | |
| Title | A brief report on the working of the industrial campaign, 1964-65, |
| Remainder of title | in Farrukhabad and Lucknow districts |
| Statement of responsibility, etc. | [by] B. C. Das. |
| 260 0# - PUBLICATION, DISTRIBUTION, ETC. | |
| Place of publication, distribution, etc. | Lucknow, |
| Name of publisher, distributor, etc. | Planning Research and Action Institute |
| Date of publication, distribution, etc. | [1967] |
| 300 ## - PHYSICAL DESCRIPTION | |
| Extent | ii, 42 p. |
| Dimensions | 24 cm. |
| 490 1# - SERIES STATEMENT | |
| Series statement | P.R.A.I. publication no. 354 |
| 651 #0 - SUBJECT ADDED ENTRY--GEOGRAPHIC NAME | |
| Geographic name | Farrukhābād (India : District) |
| General subdivision | Economic conditions. |
| 651 #0 - SUBJECT ADDED ENTRY--GEOGRAPHIC NAME | |
| Geographic name | Lucknow (India : District) |
| General subdivision | Economic conditions. |
| 810 1# - SERIES ADDED ENTRY--CORPORATE NAME | |
| Corporate name or jurisdiction name as entry element | Lucknow. |
| Subordinate unit | Planning Research and Action Institute. |
| Title of a work | P.R.A.I. publication, |
| Volume/sequential designation | no. 354 |
No items available.